000 00596nam a2200253Ia 4500
005 20260306153544.0
008 008 260114s9999 xx 000 0 eng d
020 _a9781009516075
037 _aEBOOK
040 _aCRL
040 _beng
040 _cCRL
041 _2eng
041 _aeng
084 _qCRL
100 _aAbrahamsen
_9893530
245 0 _aWorld of the Right 1st ed
260 _bCambridge University Press
260 _c2024
650 _aPolitical Science
856 _uhttps://doi.org/10.1017/9781009516075
942 _cEBOOK
999 _c1703954
_d1703954